Southville International School and Colleges
Your cart is empty.
  • Cart
  • Lists
    Public lists Eva Luna New books Lux_list list_1
    Your lists Log in to create your own lists
  • Log in to your account
  • Your cookies
  • Search history
Southville International School and Colleges
  • Advanced search
  • Recent comments
  • Most popular
  • Libraries

Log in to your account

Log in with GOOGLE


If you do not have an external account, but do have a local account, you can still log in:

  1. Home
  2. MARC view: Tibet
Normal view MARC view ISBD view

Tibet (Record no. 108800)

[ view plain ]
MARC details
000 -LEADER
fixed length control field 00606nam a2200193 a 4500
005 - DATE AND TIME OF LATEST TRANSACTION
control field 20140414093832.0
008 - FIXED-LENGTH DATA ELEMENTS--GENERAL INFORMATION
fixed length control field 020927s19uu xx 00 eng d
050 ## - LIBRARY OF CONGRESS CALL NUMBER
Classification number VHS 900
Item number OR 14
100 ## - MAIN ENTRY--PERSONAL NAME
Personal name Time Life
245 ## - TITLE STATEMENT
Title Tibet
Remainder of title the end of time
260 ## - PUBLICATION, DISTRIBUTION, ETC. (IMPRINT)
Place of publication, distribution, etc Singapore
Name of publisher, distributor, etc Time Life Asia
Date of publication, distribution, etc c1995
300 ## - PHYSICAL DESCRIPTION
Extent 48 mins.
440 ## - SERIES STATEMENT/ADDED ENTRY--TITLE
Title Time Life's Civilization
500 ## - GENERAL NOTE
General note narrated by Sam Waterston
520 ## - SUMMARY, ETC.
Summary, etc Isolated within the towering sanctuary of the Himalayas,Tibet developed a culture unique in the history of the world civilization.
650 ## - SUBJECT ADDED ENTRY--TOPICAL TERM
Topical term or geographic name as entry element History
942 ## - ADDED ENTRY ELEMENTS (KOHA)
Koha item type Audio Visual Materials
Holdings
Withdrawn status Lost status Damaged status Use restrictions Home library Current library Shelving location Date acquired Source of acquisition Total Checkouts Full call number Barcode Date last seen Price effective from Koha item type
        Luxembourg Library Luxembourg Library Audio Visual Material Section 09/27/2002     VHS 900 OR 14 AV0266 04/14/2014 04/14/2014 Audio Visual Materials

Tibet

APA

Time Life, . (1995). Tibet. Singapore: Time Life Asia.

Chicago

Time Life, . 1995. Tibet. Singapore: Time Life Asia.

Harvard

Time Life, . (1995). Tibet. Singapore: Time Life Asia.

MLA

Time Life, . Tibet. Singapore: Time Life Asia. 1995.

  • Place hold
  • Print
  • Cite
  • Add to your cart (remove)
  • Save record
    BIBTEX Dublin Core MARCXML MARC (non-Unicode/MARC-8) MARC (Unicode/UTF-8) MARC (Unicode/UTF-8, Standard) MODS (XML) RIS
  • More searches
    Search for this title in:
    Other Libraries (WorldCat) Other Databases (Google Scholar) Online Stores (Bookfinder.com) Open Library (openlibrary.org)

Exporting to Dublin Core...

SOUTHVILLE LIBRARY

Southville International School and Colleges Library

1281 Tropical Ave. Cor. Luxembourg St., BF Homes International, Las Pinas City

Tel. No. 8256374 / 252358 Loc. 117/146

Powered by Koha